[Event "Privolzhskogo FO-ch"]
[Site "Izhevsk"]
[Date "2005.03.19"]
[Round "4"]
[White "Dubov, Danil"]
[Black "Stepulev, Andrey"]
[Result "1-0"]
[WhiteElo "2139"]
[BlackElo "2119"]
[PlyCount "107"]
[EventDate "2005.03.16"]
[EventType "swiss"]
[EventRounds "9"]
[EventCountry "RUS"]
[SourceTitle "CBM 105 Extra"]
[Source "ChessBase"]
[SourceDate "2005.05.01"]
[SourceVersion "1"]
[SourceVersionDate "2005.05.01"]
[SourceQuality "1"]

1. e4 c5 2. Nf3 d6 3. Bb5+ Bd7 4. Bxd7+ Qxd7 5. c4 Nf6 6. Nc3 g6 7. d4 cxd4 8. Nxd4 Bg7 9. 0-0 0-0 10. h3 Rc8 11. Qe2 Nc6 12. Nf3 Na5 13. b3 Nxe4 14. Nxe4 Bxa1 15. Bd2 Nxc4 16. Rxa1 Nxd2 17. Qxd2 Qd8 18. h4 Rc6 19. Nd4 Ra6 20. Qh6 Qf8 21. Qg5 Rc8 22. Nf5 Rc7 23. Re1 Kh8 24. Nh6 f6 25. Qd2 Rac6 26. Ng3 Rc2 27. Qe3 Rxa2 28. Ng4 f5 29. Nh2 Qf6 30. Qh6 Rcc2 31. Nh1 Kg8 32. Nf3 Ra1 33. Rxa1 Qxa1+ 34. Kh2 Qg7 35. Qe3 b6 36. Qe6+ Qf7 37. Qd7 Ra2 38. Ng5 Qf6 39. Qc8+ Kg7 40. Ne6+ Kh6 41. Qc1+ f4 42. Nxf4 Qxh4+ 43. Nh3+ Kg7 44. Qb1 Re2 45. Qa1+ Qf6 46. Qxa7 Qe5+ 47. Ng3 h5 48. f4 Qe3 49. Nxe2 Qxe2 50. Qxb6 h4 51. Qd4+ Kg8 52. Qd5+ Kg7 53. Ng5 Qg4 54. Qf7+ 1-0